Biblioteca

The weekend that changed the world : (Registro nro. 68474)

Detalles MARC
000 -LÍDER
Campo fijo de descripción fija 02305nam a2200349 i 4500
001 - NÚMERO DE CONTROL
Campo de control 768714001
003 - IDENTIFICADOR DEL NÚMERO DE CONTROL
Campo de control CO-MdFUSB
005 - FECHA Y HORA DE LA ULTIMA TRANSACCIÓN
control field 20230314124054.0
007 - CAMPO FIJO DE DESCRIPCIÓN FIJA--INFORMACIÓN GENERAL
Campo fijo de descripción fija ta
008 - ELEMENTOS DE LONGITUD FIJA -- INFORMACIÓN GENERAL
Campo fijo de descripción fija -- Información general 230301t1999 -usabo|| |||| 00| 0 eng d
020 ## - NÚMERO INTERNACIONAL NORMALIZADO PARA LIBROS
Número Internacional Normalizado del libro 9780664222307
040 ## - FUENTE DE CATALOGACIÓN
Agencia de catalogación original CO-MdFUSB
Idioma de catalogación spa
Agencia que realiza la transcripción CO-MdFUSB
Agencia que realiza la modificación CO-MdFUSBC
Convenciones de la descripción rda
041 ## - CÓDIGO DE IDIOMA
Código de idioma para texto/pista de sonido o título separado spa
082 ## - NÚMERO DE CLASIFICACIÓN DECIMAL DEWEY
Número de la edición del Dewey 23
Número de clasificación 232.97
Clave de autor-Numero de item W183
100 ## - ASIENTO PRINCIPAL--NOMBRE PERSONAL
Nombre personal Walker, Peter,
Término relacionador autor
245 ## - TÍTULO
Título del Material The weekend that changed the world :
Parte restante del título - Subtitulo the mystery of Jerusalem's empty tomb
Mención de responsabilidad, etc. / Peter Walker
264 #1 - PRODUCCIÓN, PUBLICACIÓN, DISTRIBUCIÓN, MANUFACTURA, Y COPYRIGHT
Lugar de producción, publicación, distribución, manufactura Estados Unidos :
Nombre del productor, publicador, distribuidor Westminster John Knox Press,
Fecha de producción, publicación, distribución, manufactura, o copyright [1999]
264 #4 - PRODUCCIÓN, PUBLICACIÓN, DISTRIBUCIÓN, MANUFACTURA, Y COPYRIGHT
Fecha de producción, publicación, distribución, manufactura, o copyright © 1999
300 ## - DESCRIPCIÓN FÍSICA
Extensión 220 páginas
Dimensiones ; 21.5 cm
336 ## - TIPO DE CONTENIDO
Fuente rdacontent
Término de tipo de contenido texto
Código de tipo de contenido txt
337 ## - TIPO DE MEDIO
Fuente rdamedia
Nombre del tipo de medio sin mediación
Código del tipo de medio n
338 ## - TIPO DE SOPORTE
Fuente rdacarrier
Nombre del tipo de soporte volumen
Código Tipo de soporte nc
505 ## - NOTA DE CONTENIDO
Nota de contenido con formato preestablecido Antorchas en el Jardín: Cita del Jueves por la Noche -- Cruces en el Cráneo: Dolor del Viernes -- Drama en la Tumba: Sorpresa del Domingo -- Resolviendo el Misterio: ¿Jesús Realmente Resucitó? -- Un Hallazgo Antiguo: La Iglesia del Santo Sepulcro -- Un Descubrimiento Moderno: La Tumba del Jardín -- Un Debate Continuo: ¿Dónde Ocurrió? -- Verdad para el Mundo: La Resurrección en el Nuevo Testamento -- Vida para los Muertos: La Resurrección Hoy -- Camino para el Futuro: El Jardín de la Resurrección en Jerusalén.
520 ## - NOTA DE RESUMEN, ETC.
Nota de sumario, etc. Este libro responde preguntas clave que rodean la muerte de Jesús y argumenta que los eventos de ese fatídico fin de semana en Jerusalén cambiaron el mundo para siempre". El volumen rastrea los movimientos de todos los involucrados en su trágica ejecución y sigue la historia hasta la tumba vacía, examinando la improbabilidad de que alguien pudiera resucitar de la muerte". los Evangelios, la arqueología y la historia de la iglesia, y se enfoca en los dos sitios probables: la Tumba del Jardín y la iglesia del Santo Sepulcro". "Walker también explora el impacto de la resurrección de Jesús en los cristianos de entonces y ahora, observando cómo el Garden Tomb ha sido una fuente de inspiración para millones de personas de todo el mundo: "Él no está aquí, porque ha resucitado.
563 ## - NOTA DE ENCUADERNACIÓN
Nota de encuadernación Rústico
630 07 - TITULO UNIFORME
Título uniforme Biblia.
Nombre de parte o sección de la obra Nuevo Testamento
650 #7 - ASIENTO SECUNDARIO DE MATERIA - TERMINO TEMÁTICO
9 (RLIN) 239
Término temático o nombre geográfico como elemento de entrada Cristología
653 ## - TÉRMINO DE INDIZACIÓN - NO CONTROLADO
Término no controlado Historia
942 ## - TIPO DE MATERIAL (KOHA)
Tipo de Item KOHA Libros General
945 ## - INFORMACIÓN LOCAL DEL REGISTRO
Catalogador Miguel
Existencias
Estado de Material Estado de Perdido Forma de Clasificación Estado de Dañado No para Préstamo Colección Biblioteca de Origen Biblioteca Permanente Fecha de Adquisición Área Total de Préstamos Signatura Topográfica Código de Barras Última vez visto Ejemplar/Existencia Fecha de Remplazo Tipo de Material
    Dewey Decimal Classification     Colección General Biblioteca FUSBC Biblioteca FUSBC 01/03/2023 BIBLIA   G 232 W183w 24380 01/03/2023 Ej. 1 01/03/2023 Libros General

Biblioteca FUSBC | Teléfono: (57+4) 349 88 10 Ext. 141| WhatsApp (+57) 3005338115 
E-mail: biblioteca@unisbc.edu.co | Calle 76 87-14 Robledo Palenque, Medellín, Colombia

Con tecnología Koha